| 000 | 00733nam a2200241 a 4500 | ||
|---|---|---|---|
| 001 | BRL_43 | ||
| 005 | 20190320210549.0 | ||
| 008 | 731212s1959####nyua######---#000-0#eng-# | ||
| 041 | _aeng | ||
| 044 | _anyu | ||
| 050 | 4 |
_aF128.3 _b.F45 1959 |
|
| 100 | 1 |
_aFeininger, Andreas _922735 |
|
| 245 | 1 | 0 |
_aThe face of New York _bthe city as it was and as it is _cphotographs by Andreas Feininger ; text by Susan E. Lyman. |
| 250 | _a4 | ||
| 260 |
_aNueva York _bCrown Publishers _c1959 |
||
| 300 |
_a1 v. (sin paginación) _bil. _c32 cm. |
||
| 500 | _aAu38 | ||
| 651 | 4 |
_aNueva York _xTrabajos Ilustrados _922736 |
|
| 700 | 1 |
_aLyman, Susan Elizabeth _922737 |
|
| 700 | 1 |
_aFeininger, Andreas _eil. _922735 |
|
| 902 | _aGRL | ||
| 942 |
_2lcc _cB |
||
| 999 |
_c8856 _d8856 |
||